Cent anys de premsa sitgetana : 1877-1977 1877-1977
Descripción Física:
67 p., [5] f. de làm. : il. ; 24 cm
Materias:
Premsa -- Sitges -- 1877/1977
MARC
| LEADER | 00000nam a2200000Ia 4500 | ||
|---|---|---|---|
| 001 | 8023 | ||
| 008 | 160829s9999 xx 000 0 cat d | ||
| 080 | |a O-1-17 | ||
| 245 | |a Cent anys de premsa sitgetana : |b 1877-1977 | ||
| 260 | |a Sitges : |b Biblioteca Popular Santiago Rusiñol, DL 1977 | ||
| 300 | |a 67 p., [5] f. de làm. : |b il. ; |c 24 cm | ||
| 650 | |a Premsa |x Sitges |x 1877/1977 |9 27136 | ||
| 710 | 2 | |a Biblioteca Popular Santiago Rusiñol |9 54294 | |
| 901 | |a Arxiu | ||
| 942 | |n 1 | ||
| 952 | |0 0 |1 0 |4 0 |6 O117 |7 1 |9 44288 |a Arxiu |b Arxiu |d 2016-12-01 |l 0 |o O-1-17 |p 8023 |r 2016-12-01 00:00:00 |w 2016-12-01 |y ARXIU | ||
| 999 | |c 46868 |d 46868 | ||